KOHA-Header-6

Psychology Testing (Record no. 10033)

000 -LEADER
fixed length control field 00249nam a2200109Ia 4500
100 ## - MAIN ENTRY--AUTHOR NAME
Personal name Anastasi,Anne
245 #0 - TITLE STATEMENT
Title Psychology Testing
260 ## - PUBLICATION, DISTRIBUTION, ETC. (IMPRINT)
Place of publication India
Name of publisher Oxford
Year of publication 2000
300 ## - PHYSICAL DESCRIPTION
Number of Pages 416
942 ## - ADDED ENTRY ELEMENTS (KOHA)
Koha item type Books
Holdings
Withdrawn status Lost status Collection code Permanent Location Current Location Shelving location Date acquired Full call number Accession Number Koha item type
    Psychology MAJU MAJU Shelf No.A35 2019-09-14 150 6114 Psychology

Powered by Koha